Le manuscrit dit des basses danses de la Bibliothèque de Bourgogne

Guardat en:
Dades bibliogràfiques
Autor principal: Closson, Ernest (Autor)
Format: Llibre
Idioma:francès
llatí
Publicat: Génova Minkoff 1976
Matèries:
Etiquetes: Afegir etiqueta
Sense etiquetes, Sigues el primer a etiquetar aquest registre!

MARC

LEADER 00000nam a2200000 a 4500
001 UCN3029
003 CL-VaPUC
008 010615e19760000IT |||||||||||||||||fre|d
041 0 7 |a fre  |2 CL-VaPUC 
041 0 7 |a lat  |2 CL-VaPUC 
082 0 4 |a 792.809  |b CLO  |2 21 
100 0 |a Closson, Ernest  |e author  |9 459426 
245 1 3 |a Le manuscrit dit des basses danses de la Bibliothèque de Bourgogne 
300 |a 77 p 
942 |c BK 
945 |d 20010615 00:00:00  |a crobeson 
260 |a Génova  |b Minkoff  |c 1976 
650 7 |a DANZA HISTORIA  |2 CL-VaPUC  |9 327468 
650 7 |a DANZA RENACENTISTA  |2 CL-VaPUC  |9 459427 
583 |a last modification  |c 20010615 00:00:00  |k Rodrigo Vera 
999 |c 296044  |d 296042 
952 |0 0  |1 0  |4 0  |6 792_809000000000000_CLO_1976  |7 0  |8 F  |9 349529  |a BIBEDU  |b BIBEDU  |d 2019-11-20  |i 1187546  |o 792.809 CLO 1976  |p 1187546  |r 2022-01-17  |w 2019-11-20  |y BK_F  |k MUS